Špecifiká oceňovania a účtovania zásob vlastnej výroby a aktivácie bakalárska práca

Saved in:
Bibliographic Details
Main Author: Komjatyová, Tatiana
Corporate Author: Podnikovohospodárska fakulta EU so sídlom v Košiciach. Katedra účtovníctva a financií
Other Authors: Manová, Eva, 1957-
Format: Book
Language:Slovak
Published: Košice 2010
Tags: Add Tag
No Tags, Be the first to tag this record!

MARC

LEADER 00000nbm a2200000 4500
001 0132805
005 20161109111444.9
041 0 |a slo 
044 |a SK 
245 1 0 |a Špecifiká oceňovania a účtovania zásob vlastnej výroby a aktivácie  |b bakalárska práca  |c Tatiana Komjatyová ; školiteľ: Eva Manová 
264 1 |a Košice  |c 2010 
300 |a 54 s. 
100 1 |a Komjatyová, Tatiana 
700 1 |a Manová, Eva, 1957- 
710 2 |a Podnikovohospodárska fakulta EU so sídlom v Košiciach. Katedra účtovníctva a financií